| 000 | 01034cam a22003018a 4500 | ||
|---|---|---|---|
| 001 | 17076920 | ||
| 005 | 20141008155149.0 | ||
| 008 | 111209s2012 xxka frbbd 001 0 eng d | ||
| 020 | _a9780273750758 | ||
| 040 | _aEG-ScBUE | ||
| 082 | 0 | 0 |
_a650.072 _222 _bSAU |
| 100 | 1 |
_aSaunders, Mark, _d1959- _98900 |
|
| 245 | 1 | 0 |
_aResearch methods for business students / _cMark Saunders, Philip Lewis, Adrian Thornhill. |
| 250 | _a6th ed. | ||
| 260 |
_aHarlow, United Kingdom : _bPearson Education Limited, _c2012 _e([Rome] : _fRotolito Lombarda) |
||
| 300 |
_axxxi, 696 p. : _bill. (col.) ; _c27 cm. |
||
| 490 | 0 | _aAlways Learning | |
| 500 | _aAppendices : p. 644-664. | ||
| 500 | _aGlossary : p. 665-684. | ||
| 500 | _aIndex : p. 685-696. | ||
| 504 | _aBibliography : p. 632-643. | ||
| 650 | 0 |
_aBusiness _xResearch _xData processing _98902 |
|
| 653 |
_bBUSADM _cSeptember2012 _cOctober2014 |
||
| 655 |
_vtext book _933728 |
||
| 700 | 1 |
_aLewis, Philip, _d1945- _98903 |
|
| 700 | 1 |
_aThornhill, Adrian _98904 |
|
| 942 |
_2ddc _cBB _k650.072 SAU |
||
| 999 |
_c17018 _d16990 |
||